000 01215nam a2200301 i 4500
003 EG-ScBUE
005 20250525122732.0
008 090622s1974 enka f b 001 0 eng d
020 _a0198519281
040 _aEG-ScBUE
_beng
_erda
_cEG-ScBUE
_dEG-ScBUE
041 1 _aeng
_hrus
082 0 4 _222
_a533.2
_bNIK
100 1 _aNikitin, E. E.
_qEvgeniĭ Evgenʹevich),
_d1933-
_eauthor.
240 1 0 _aTeorii︠a︡ ėlementarnykh atomno-molekuli︠a︡rnykh prot︠s︡essov v gazakh.
_lEnglish
245 1 0 _aTheory of elementary atomic and molecular processes in gases /
_cby E. E. Nikitin ; translated by M. J. Kearsley.
264 1 _aOxford :
_bOxford University Press,
_c1974.
300 _axiii, 472 pages :
_billustrations ;
_c23 cm
336 _2rdacontent
_atext
_btxt
337 _aunmediated
_2rdamedia
_bn
338 _avolume
_bnc
_2rdacarrier
504 _aIncludes bibliographical references and index.
546 _aText in English ; translated from the original Russian language.
650 7 _96197
_aKinetic theory of gases.
_2BUEsh
650 7 _96586
_aMolecular theory.
_2BUEsh
650 7 _96587
_aChemical reaction, Conditions and laws of.
_2BUEsh
655 _vReading book
942 _2ddc
_cBB
999 _c11934
_d11934